1134 1054 1659 1151 1482 1232 1824 1875 1797 1102 1426 1925 1535 1004 1531 1484 1148 1375 1552 1942 1584 1076 1443 1384 1066 1864 1983 1633 1528 1033 1070 1724 1056 1026 1625 1642 1143 1616 1668 1828 1488 1227 1480 1988 1498 1067 1538 1787 1891 1202 1782 1724 1561 1512 1340 1964 1030 1298 1050 1519 1307 1116 1377 1439 1717 1783 1485 1424 1847 1275 1277 1014 1430 1819 1599 1029 1923 1751 1049 1568 1831 1265 1858 1362 1626 1890 1877 1210 1216 1787 1366 1721 1962 1590 1660 1777 1508 1807 1731 BCNSPRNW ULIB Ver.6.0+V

เปลี่ยนเป็นภาษาไทย

Change to English
 แสดงรายละเอียดบรรณานุกรม
  กลับหน้าหลัก

Brief Record : Get Marc (ISO 2709) : E-mail record : QR code < ปิดหน้าต่าง
LEADER : 00000nam 2200000uu 4500
001    13399124134
003     ULIB
008    150120s2556||||th 000 0 tha d
020    ^a9786163200761
060 04 ^aWL346^bภ323ค
100 0  ^aภัคจีรา ศุภวิชชา
245 00 ^aคู่มือดูแลผู้ป่วยอัมพฤกษ์ อัมพาตและผู้ป่วยที่ต้องการความช่วยเหลือเบื้องต้น =^bThe handbook take care of the crippled patients and the patients who need the first aid /^cภัคจีรา ศุภวิชชา, บรรณาธิการเรียบเรียง
246 31 ^aThe handbook take care of the crippled patients and the patients who need the first aid
250    ^aพิมพ์ครั้งที่ 1
260    ^aกรุงเทพฯ :^bต้นธรรม สำนักพิมพ์,^c2556
300    ^a256 หน้า :^bภาพประกอบ ;^c21 ซม.
650  7 ^aผู้ป่วย, การจัดการดูแล
650  7 ^aผู้ป่วย, การวางแผนดูแล
650  7 ^aอัมพาต^xกายภาพบำบัด
650  7 ^aอัมพาต^xการฟื้นฟูสมรรถภาพ
945    ^p200^l0^i038507
945    ^p200^l0^i038508
945    ^p200^l0^i038509
945    ^p200^l0^i038510
945    ^p200^l0^i038511
945    ^p200^l0^i038512
945    ^p200^l0^i038513
945    ^p200^l0^i038514
945    ^p200^l0^i038515
945    ^p200^l0^i038516
999    ^aเกษร โพธิ์สุวรรณ
รายการนี้ยังไม่มีแท็ก
คุณยังไม่ได้ล็อกอิน คุณสามารถมีกิจกรรมร่วมกับเว็บไซต์ได้ แต่ต้องล็อกอินก่อน ::
  ล็อกอิน

รายการสื่อสารสนเทศ

ลำดับที่ ประเภท เลขเรียก/บาร์โค้ด สถานที่ สถานะ
1. วิทยาศาสตร์การแพทย์ และสุขภาพ
หนังสือสำรอง
สถานะ=หนังสือสำรอง
WL346 ภ323ค ฉ.1 
  Barcode: 038507
ห้องสมุดวิทยาเขตสวรรค์ประชารักษ์
►ส่วนจัดเก็บหนังสือเก่า สปร
บนชั้น
  ขอยืม
2. วิทยาศาสตร์การแพทย์ และสุขภาพ
วิทยาศาสตร์การแพทย์ และสุขภาพ
WL346 ภ323ค ฉ.10 
  Barcode: 038516
ห้องสมุดวิทยาเขตสวรรค์ประชารักษ์
►ส่วนจัดเก็บหนังสือเก่า สปร
บนชั้น
  ขอยืม
3. วิทยาศาสตร์การแพทย์ และสุขภาพ
วิทยาศาสตร์การแพทย์ และสุขภาพ
WL346 ภ323ค ฉ.2 
  Barcode: 038508
ห้องสมุดวิทยาเขตสวรรค์ประชารักษ์
►ส่วนจัดเก็บหนังสือเก่า สปร
บนชั้น
  ขอยืม
4. วิทยาศาสตร์การแพทย์ และสุขภาพ
วิทยาศาสตร์การแพทย์ และสุขภาพ
WL346 ภ323ค ฉ.3 
  Barcode: 038509
ห้องสมุดวิทยาเขตสวรรค์ประชารักษ์
►ส่วนจัดเก็บหนังสือเก่า สปร
บนชั้น
  ขอยืม
5. วิทยาศาสตร์การแพทย์ และสุขภาพ
วิทยาศาสตร์การแพทย์ และสุขภาพ
WL346 ภ323ค ฉ.4 
  Barcode: 038510
ห้องสมุดวิทยาเขตสวรรค์ประชารักษ์
►ส่วนจัดเก็บหนังสือเก่า สปร
บนชั้น
  ขอยืม
6. วิทยาศาสตร์การแพทย์ และสุขภาพ
วิทยาศาสตร์การแพทย์ และสุขภาพ
WL346 ภ323ค ฉ.5 
  Barcode: 038511
ห้องสมุดวิทยาเขตสวรรค์ประชารักษ์
►ส่วนจัดเก็บหนังสือเก่า สปร
บนชั้น
  ขอยืม
7. วิทยาศาสตร์การแพทย์ และสุขภาพ
วิทยาศาสตร์การแพทย์ และสุขภาพ
WL346 ภ323ค ฉ.6 
  Barcode: 038512
ห้องสมุดวิทยาเขตสวรรค์ประชารักษ์
►ส่วนจัดเก็บหนังสือเก่า สปร
บนชั้น
  ขอยืม
8. วิทยาศาสตร์การแพทย์ และสุขภาพ
วิทยาศาสตร์การแพทย์ และสุขภาพ
WL346 ภ323ค ฉ.7 
  Barcode: 038513
ห้องสมุดวิทยาเขตสวรรค์ประชารักษ์
►ส่วนจัดเก็บหนังสือเก่า สปร
บนชั้น
  ขอยืม
9. วิทยาศาสตร์การแพทย์ และสุขภาพ
วิทยาศาสตร์การแพทย์ และสุขภาพ
WL346 ภ323ค ฉ.8 
  Barcode: 038514
ห้องสมุดวิทยาเขตสวรรค์ประชารักษ์
►ส่วนจัดเก็บหนังสือเก่า สปร
บนชั้น
  ขอยืม
10. วิทยาศาสตร์การแพทย์ และสุขภาพ
วิทยาศาสตร์การแพทย์ และสุขภาพ
WL346 ภ323ค ฉ.9 
  Barcode: 038515
ห้องสมุดวิทยาเขตสวรรค์ประชารักษ์
►หนังสือทั่วไป
บนชั้น

รายการใกล้เคียง
    ผู้แต่ง [ภัคจีรา ศุภวิชชา]

    หัวเรื่อง [ผู้ป่วย, การจัดการดูแล]
    หัวเรื่อง [ผู้ป่วย, การวางแผนดูแล]

BibComment


ยังไม่เคยถูกคอมเมนท์

คอมเมนท์ทรัพยากรรายการนี้
  คอมเมนท์: คู่มือดูแลผู้ป่ว..


 Copyright 2026. Bcnsprnw @Library